[Event "NZL-ch op rapid"]
[Site "Palmerston North"]
[Date "2018.01.11"]
[Round "8"]
[White "Knowles, Jeremy"]
[Black "Gao, Hans"]
[Result "1/2-1/2"]
[WhiteElo "1976"]
[BlackElo "2192"]
[PlyCount "41"]
[EventDate "2018.01.10"]
[EventType "swiss (rapid)"]
[EventRounds "9"]
[EventCountry "NZL"]
[SourceTitle "EXT 2019"]
[Source "ChessBase"]
[SourceDate "2018.10.10"]
[SourceVersion "1"]
[SourceVersionDate "2018.10.10"]
[SourceQuality "1"]

1. e4 c5 2. Nf3 d6 3. d4 cxd4 4. Nxd4 Nf6 5. Nc3 g6 6. Be3 Bg7 7. f3 Nc6 8. Qd2 Bd7 9. Bc4 Rc8 10. Bb3 0-0 11. 0-0-0 Nxd4 12. Bxd4 b5 13. h4 a5 14. e5 dxe5 15. Bxe5 b4 16. Bxf6 exf6 17. Qxd7 Qxd7 18. Rxd7 bxc3 19. bxc3 Rxc3 20. Re1 Bh6+ 21. Kb2 1/2-1/2

[Event "NZL-ch op rapid"]
[Site "Palmerston North"]
[Date "2018.01.10"]
[Round "2"]
[White "Clouston, Bevan"]
[Black "Gao, Hans"]
[Result "0-1"]
[WhiteElo "1791"]
[BlackElo "2192"]
[PlyCount "74"]
[EventDate "2018.01.10"]
[EventType "swiss (rapid)"]
[EventRounds "9"]
[EventCountry "NZL"]
[SourceTitle "EXT 2019"]
[Source "ChessBase"]
[SourceDate "2018.10.10"]
[SourceVersion "1"]
[SourceVersionDate "2018.10.10"]
[SourceQuality "1"]

1. e4 c5 2. d4 cxd4 3. c3 Nf6 4. e5 Nd5 5. cxd4 Nc6 6. Nc3 e6 7. Nf3 d6 8. Bd2 Be7 9. Nxd5 exd5 10. Bd3 Bg4 11. exd6 Qxd6 12. Bc3 0-0 13. 0-0 Bf6 14. Be2 Rfe8 15. h3 Bh5 16. Re1 Bd8 17. a3 Bc7 18. g3 Qf6 19. Ne5 Bxe2 20. Qxe2 Re6 21. Ng4 Qf5 22. Qb5 Rb8 23. Kg2 a6 24. Qb3 h5 25. Ne3 Qe4+ 26. Kg1 Qf3 27. Qd1 Qe4 28. Qxh5 Nxd4 29. Bxd4 Qxd4 30. Qxd5 Qxb2 31. Nc4 Qc3 32. Rec1 Qf6 33. Ra2 Qh6 34. Kg2 Qxc1 35. Rd2 b5 36. Ne3 Rd6 37. Qg5 Qxd2 0-1

[Event "NZL-ch op 125th"]
[Site "Palmerston North"]
[Date "2018.01.08"]
[Round "8"]
[White "Dive, Russell John"]
[Black "Gao, Hans"]
[Result "1/2-1/2"]
[WhiteElo "2309"]
[BlackElo "2167"]
[PlyCount "46"]
[EventDate "2018.01.01"]
[EventType "swiss"]
[EventRounds "9"]
[EventCountry "NZL"]
[SourceTitle "CBM 182 Extra"]
[Source "ChessBase"]
[SourceDate "2018.02.23"]
[SourceVersion "1"]
[SourceVersionDate "2018.02.23"]
[SourceQuality "1"]

1. Nf3 Nf6 2. c4 g6 3. g3 Bg7 4. Bg2 0-0 5. 0-0 d6 6. Nc3 e5 7. d3 h6 8. Rb1 a5 9. a3 Re8 10. Nd2 c6 11. b4 axb4 12. axb4 d5 13. b5 Be6 14. Qb3 Nbd7 15. Ba3 Bf8 16. Bxf8 Rxf8 17. Rfc1 Qa5 18. bxc6 bxc6 19. Qb7 Rfc8 20. Qb4 Qxb4 21. Rxb4 Rcb8 22. Rxb8+ Rxb8 23. Kf1 Rb4 1/2-1/2

[Event "NZL-ch op 125th"]
[Site "Palmerston North"]
[Date "2018.01.06"]
[Round "6"]
[White "Yan, Caroline"]
[Black "Gao, Hans"]
[Result "0-1"]
[WhiteElo "1759"]
[BlackElo "2167"]
[PlyCount "58"]
[EventDate "2018.01.01"]
[EventType "swiss"]
[EventRounds "9"]
[EventCountry "NZL"]
[SourceTitle "CBM 182 Extra"]
[Source "ChessBase"]
[SourceDate "2018.02.23"]
[SourceVersion "1"]
[SourceVersionDate "2018.02.23"]
[SourceQuality "1"]

1. d4 Nf6 2. Nf3 g6 3. Bf4 Bg7 4. e3 d6 5. h3 0-0 6. c3 c5 7. Bd3 Nc6 8. 0-0 Be6 9. Qe2 Qb6 10. Re1 Rac8 11. Na3 Nh5 12. Bh2 cxd4 13. exd4 Bh6 14. g4 Nf4 15. Bxf4 Bxf4 16. Qe4 Bh6 17. d5 Bd7 18. Nc4 Qc7 19. dxc6 Bxc6 20. Qe2 e5 21. Nfd2 f5 22. f3 e4 23. fxe4 d5 24. e5 dxc4 25. Bxc4+ Kh8 26. Bb3 fxg4 27. Ne4 Qb6+ 28. Kh1 g3 29. Rf1 Qe3 0-1

[Event "NZL-ch op 125th"]
[Site "Palmerston North"]
[Date "2018.01.05"]
[Round "5"]
[White "Gao, Hans"]
[Black "Ker, Anthony F"]
[Result "1/2-1/2"]
[WhiteElo "2167"]
[BlackElo "2311"]
[PlyCount "67"]
[EventDate "2018.01.01"]
[EventType "swiss"]
[EventRounds "9"]
[EventCountry "NZL"]
[SourceTitle "CBM 182 Extra"]
[Source "ChessBase"]
[SourceDate "2018.02.23"]
[SourceVersion "1"]
[SourceVersionDate "2018.02.23"]
[SourceQuality "1"]

1. e4 c5 2. Nc3 g6 3. Nf3 Bg7 4. d4 cxd4 5. Nxd4 Nc6 6. Be3 Nf6 7. Bc4 0-0 8. Bb3 a5 9. f3 d5 10. Bxd5 Nxd5 11. exd5 Nb4 12. Nde2 e6 13. 0-0 Nxd5 14. Nxd5 Qxd5 15. Qxd5 exd5 16. c3 Re8 17. Kf2 a4 18. Rad1 a3 19. b3 Be6 20. Bd4 Bh6 21. Bc5 Rec8 22. Bb4 Bg7 23. Nd4 Bxd4+ 24. Rxd4 Ra6 25. g4 f6 26. Kg3 Kf7 27. f4 f5 28. h3 Rac6 29. Rf3 Ra6 30. Rfd3 Rc7 31. Rd2 Rc8 32. Kf3 Rac6 33. Rc2 Kf6 34. Kg3 1/2-1/2

[Event "NZL-ch op 125th"]
[Site "Palmerston North"]
[Date "2018.01.03"]
[Round "3"]
[White "Stojic, Dusan"]
[Black "Gao, Hans"]
[Result "1-0"]
[WhiteElo "2251"]
[BlackElo "2167"]
[PlyCount "97"]
[EventDate "2018.01.01"]
[EventType "swiss"]
[EventRounds "9"]
[EventCountry "NZL"]
[SourceTitle "CBM 182 Extra"]
[Source "ChessBase"]
[SourceDate "2018.02.23"]
[SourceVersion "1"]
[SourceVersionDate "2018.02.23"]
[SourceQuality "1"]

1. e4 c5 2. Nc3 Nc6 3. Nge2 g6 4. d4 cxd4 5. Nxd4 Bg7 6. Be3 d6 7. Bc4 Nf6 8. h3 0-0 9. Bb3 Nxd4 10. Bxd4 b6 11. 0-0 Bb7 12. Qd3 Rc8 13. f4 Nd7 14. Bxg7 Kxg7 15. Kh1 Rc5 16. Rad1 Qa8 17. Qd4+ Kg8 18. Nd5 Bxd5 19. Bxd5 Qc8 20. c3 b5 21. f5 Qd8 22. Rf2 Nf6 23. fxg6 hxg6 24. b4 Rc7 25. Bb3 Nd7 26. Rdf1 Ne5 27. h4 Nc4 28. Bxc4 Rxc4 29. Qe3 Qa8 30. Rf4 Qc6 31. Qg3 d5 32. h5 Rxc3 33. Qg5 Rc1 34. exd5 Rxf1+ 35. Rxf1 Qc4 36. Rf4 Qxa2 37. Kh2 Qc2 38. Qxe7 gxh5 39. Rf3 h4 40. Rf4 Qg6 41. Rxh4 f5 42. d6 Re8 43. Qc7 Re2 44. Qc8+ Re8 45. d7 Qd6+ 46. g3 Rf8 47. Qc3 Qxd7 48. Rh8+ Kf7 49. Rh7+ 1-0

[Event "NZL-ch op 123rd"]
[Site "Auckland"]
[Date "2016.01.10"]
[Round "9"]
[White "Gao, Hans"]
[Black "McLaren, Leonard"]
[Result "1/2-1/2"]
[WhiteElo "2183"]
[BlackElo "2236"]
[PlyCount "53"]
[EventDate "2016.01.02"]
[EventType "swiss"]
[EventRounds "9"]
[EventCountry "NZL"]
[SourceTitle "CBM 170 Extra"]
[Source "ChessBase"]
[SourceDate "2016.02.25"]
[SourceVersion "1"]
[SourceVersionDate "2016.02.25"]
[SourceQuality "1"]

1. e4 c5 2. Nf3 d6 3. Bb5+ Nd7 4. d4 Ngf6 5. 0-0 cxd4 6. Qxd4 g6 7. e5 dxe5 8. Nxe5 a6 9. Bxd7+ Bxd7 10. Rd1 Bg7 11. Nc3 Qc8 12. Nxd7 Qxd7 13. Qb4 a5 14. Qa3 Qc6 15. Re1 e6 16. Bg5 b5 17. Rad1 b4 18. Qa4 Qxa4 19. Nxa4 0-0 20. Bxf6 Bxf6 21. Nb6 Ra7 22. Nd7 Bxb2 23. Nxf8 Kxf8 24. f4 Rc7 25. Re2 h5 26. Kf2 a4 27. Rd3 1/2-1/2

[Event "NZL-ch U20 op"]
[Site "Devonport"]
[Date "2016.01.10"]
[Round "6"]
[White "Gao, Hans"]
[Black "Song, Kate"]
[Result "1-0"]
[WhiteElo "2183"]
[BlackElo "1587"]
[PlyCount "105"]
[EventDate "2016.01.05"]
[EventType "swiss"]
[EventRounds "6"]
[EventCountry "NZL"]
[SourceTitle "EXT 2018"]
[Source "ChessBase"]
[SourceDate "2017.10.13"]
[SourceVersion "1"]
[SourceVersionDate "2017.10.13"]
[SourceQuality "1"]

1. e4 e6 2. d4 d5 3. Nd2 Nf6 4. Bd3 c5 5. c3 Nc6 6. Ngf3 Qb6 7. 0-0 Bd7 8. e5 Ng8 9. dxc5 Bxc5 10. Nb3 Be7 11. Re1 Nh6 12. h3 0-0-0 13. Be3 Qc7 14. Nbd4 Nxd4 15. cxd4 Kb8 16. a3 Nf5 17. Bd2 Qb6 18. Bc3 Bb5 19. Bc2 Rc8 20. Qd2 f6 21. g4 Nh6 22. exf6 Bxf6 23. g5 Nf7 24. gxf6 gxf6 25. Qf4+ Ka8 26. Qxf6 Rhg8+ 27. Kh1 Rcf8 28. Qxe6 Qxe6 29. Rxe6 Nd8 30. Re3 Rg7 31. Rg1 Rgf7 32. Rg3 Nc6 33. Kg2 h5 34. Bg6 Rg7 35. Bxh5 Rfg8 36. Rxg7 Rxg7+ 37. Bg4 Nd8 38. Bb4 Nc6 39. Re8+ Nb8 40. Rf8 Rg6 41. Ne5 Rh6 42. Nf7 Rf6 43. Bd6 Rxd6 44. Nxd6 Bc6 45. h4 a5 46. h5 b5 47. h6 b4 48. h7 Ka7 49. h8Q Na6 50. Rf7+ Kb6 51. Qd8+ Nc7 52. Qxc7+ Ka6 53. Qa7# 1-0

[Event "NZL-ch op 123rd"]
[Site "Auckland"]
[Date "2016.01.08"]
[Round "7"]
[White "Gao, Hans"]
[Black "Li, William Xiang Wei"]
[Result "1-0"]
[WhiteElo "2183"]
[BlackElo "2030"]
[PlyCount "55"]
[EventDate "2016.01.02"]
[EventType "swiss"]
[EventRounds "9"]
[EventCountry "NZL"]
[SourceTitle "CBM 170 Extra"]
[Source "ChessBase"]
[SourceDate "2016.02.25"]
[SourceVersion "1"]
[SourceVersionDate "2016.02.25"]
[SourceQuality "1"]

1. e4 c5 2. Nf3 d6 3. d4 Nf6 4. Nc3 cxd4 5. Nxd4 a6 6. Be2 e6 7. 0-0 Be7 8. f4 Qc7 9. Kh1 Nc6 10. Be3 Bd7 11. Qe1 b5 12. a3 Rc8 13. Qg3 0-0 14. Rad1 Rfe8 15. Bf3 Bf8 16. e5 dxe5 17. fxe5 Qxe5 18. Bf4 Qc5 19. Nb3 Qa7 20. Bg5 Kh8 21. Bxc6 Bxc6 22. Rxf6 h6 23. Be3 Qa8 24. Rxf7 Re7 25. Rxe7 Bxe7 26. Bd4 Bf6 27. Bxf6 gxf6 28. Qg6 1-0

[Event "NZL-ch op 123rd"]
[Site "Auckland"]
[Date "2016.01.05"]
[Round "4"]
[White "Daulyte Cornette, Deimante"]
[Black "Gao, Hans"]
[Result "1-0"]
[WhiteElo "2378"]
[BlackElo "2183"]
[PlyCount "75"]
[EventDate "2016.01.02"]
[EventType "swiss"]
[EventRounds "9"]
[EventCountry "NZL"]
[SourceTitle "CBM 170 Extra"]
[Source "ChessBase"]
[SourceDate "2016.02.25"]
[SourceVersion "1"]
[SourceVersionDate "2016.02.25"]
[SourceQuality "1"]

1. e4 c5 2. Nc3 Nc6 3. Bb5 Nd4 4. Nf3 e6 5. 0-0 a6 6. Bd3 Nc6 7. b3 g5 8. Bb2 Bg7 9. Qc1 d6 10. Ne2 e5 11. Nc3 g4 12. Ne1 Nge7 13. Qd1 Be6 14. Bc4 Qd7 15. Nd5 Bxd5 16. exd5 Nb4 17. Be2 Nbxd5 18. Bxg4 f5 19. Bf3 0-0-0 20. c4 Nf4 21. b4 Neg6 22. d3 Rhg8 23. Rb1 Nh4 24. Bc1 Bh6 25. Bxf4 Bxf4 26. Bd5 Rg7 27. bxc5 Qe8 28. c6 e4 29. dxe4 fxe4 30. Rxb7 Bxh2+ 31. Kxh2 Rxg2+ 32. Nxg2 Nf3+ 33. Qxf3 exf3 34. Nf4 Qe5 35. Be6+ Rd7 36. Bxd7+ Kd8 37. Kg3 Qg7+ 38. Bg4 1-0

[Event "NZL-ch U20 op"]
[Site "Devonport"]
[Date "2016.01.05"]
[Round "1"]
[White "Nylund, Micah"]
[Black "Gao, Hans"]
[Result "0-1"]
[WhiteElo "1498"]
[BlackElo "2183"]
[PlyCount "54"]
[EventDate "2016.01.05"]
[EventType "swiss"]
[EventRounds "6"]
[EventCountry "NZL"]
[SourceTitle "EXT 2018"]
[Source "ChessBase"]
[SourceDate "2017.10.13"]
[SourceVersion "1"]
[SourceVersionDate "2017.10.13"]
[SourceQuality "1"]

1. e4 c5 2. Nf3 d6 3. d4 cxd4 4. Nxd4 Nf6 5. Nc3 g6 6. f3 Bg7 7. Be3 0-0 8. Qd2 Nc6 9. 0-0-0 d5 10. Nxc6 bxc6 11. exd5 Nxd5 12. Nxd5 cxd5 13. Qxd5 Qc7 14. Bc4 Be6 15. Qe4 Qxc4 16. Qxc4 Bxc4 17. Rd7 e6 18. Bd4 Rfd8 19. Rxd8+ Rxd8 20. Bxg7 Kxg7 21. Rd1 Rxd1+ 22. Kxd1 Kf6 23. Kd2 g5 24. Kc3 Bf1 25. g3 Bg2 26. f4 gxf4 27. gxf4 Kf5 0-1

[Event "NZL-ch op 123rd"]
[Site "Auckland"]
[Date "2016.01.04"]
[Round "3"]
[White "Gao, Hans"]
[Black "Perry, Roger L"]
[Result "1-0"]
[WhiteElo "2183"]
[BlackElo "2005"]
[PlyCount "67"]
[EventDate "2016.01.02"]
[EventType "swiss"]
[EventRounds "9"]
[EventCountry "NZL"]
[SourceTitle "CBM 170 Extra"]
[Source "ChessBase"]
[SourceDate "2016.02.25"]
[SourceVersion "1"]
[SourceVersionDate "2016.02.25"]
[SourceQuality "1"]

1. e4 c5 2. Nf3 d6 3. d4 cxd4 4. Nxd4 Nf6 5. Nc3 g6 6. Be2 Bg7 7. Be3 0-0 8. f4 Nc6 9. Nb3 Be6 10. g4 Rc8 11. f5 Bxb3 12. axb3 Ne5 13. g5 Rxc3 14. bxc3 Nxe4 15. Bd4 a6 16. fxg6 fxg6 17. h4 Ng3 18. Rh3 Nxe2 19. Qxe2 Qd7 20. Qg2 Qf5 21. 0-0-0 b5 22. Rhh1 Qf3 23. Qd2 Qc6 24. h5 Nf3 25. Qd3 e5 26. Be3 e4 27. Qd5+ Qxd5 28. Rxd5 Be5 29. hxg6 hxg6 30. Bd4 Nxd4 31. cxd4 Bf4+ 32. Kd1 Kf7 33. c4 Rc8 34. Rf1 1-0

[Event "George Trundle Qualifiers"]
[Site "Auckland"]
[Date "2015.10.03"]
[Round "8"]
[White "Gao, Hans"]
[Black "Goodhue, Nathan"]
[Result "1-0"]
[WhiteElo "2137"]
[BlackElo "2055"]
[PlyCount "43"]
[EventDate "2015.09.26"]
[EventType "tourn"]
[EventRounds "9"]
[EventCountry "NZL"]
[SourceTitle "EXT 2018"]
[Source "ChessBase"]
[SourceDate "2017.10.13"]
[SourceVersion "1"]
[SourceVersionDate "2017.10.13"]
[SourceQuality "1"]

1. e4 e6 2. d4 d5 3. Nd2 Nf6 4. Bd3 b6 5. Ne2 dxe4 6. Nxe4 Bb7 7. N2g3 Nbd7 8. 0-0 Nxe4 9. Nxe4 Nf6 10. Ng5 Qd5 11. Nf3 g6 12. Bf4 0-0-0 13. Qe2 Nh5 14. Bg5 Re8 15. Bb5 Bc6 16. Bxc6 Qxc6 17. Ne5 Qb7 18. Nxf7 Qd5 19. Qa6+ Kb8 20. c4 Qf5 21. c5 bxc5 22. Qb5+ 1-0

[Event "George Trundle Qualifiers"]
[Site "Auckland"]
[Date "2015.10.01"]
[Round "6"]
[White "Gong, Daniel Hanwen"]
[Black "Gao, Hans"]
[Result "1/2-1/2"]
[WhiteElo "1959"]
[BlackElo "2137"]
[PlyCount "176"]
[EventDate "2015.09.26"]
[EventType "tourn"]
[EventRounds "9"]
[EventCountry "NZL"]
[SourceTitle "EXT 2018"]
[Source "ChessBase"]
[SourceDate "2017.10.13"]
[SourceVersion "1"]
[SourceVersionDate "2017.10.13"]
[SourceQuality "1"]

1. c4 Nf6 2. g3 g6 3. Bg2 Bg7 4. Nc3 d6 5. e4 c5 6. Nge2 Nc6 7. d3 Nd7 8. 0-0 Nf8 9. a3 Ne6 10. Rb1 a5 11. Nb5 0-0 12. b3 Bd7 13. Bb2 Ned4 14. Nbxd4 cxd4 15. b4 axb4 16. axb4 e5 17. Qd2 b5 18. cxb5 Ne7 19. Nc1 Be6 20. f4 Rb8 21. Ba3 Qb6 22. Nb3 Qxb5 23. Na5 Bh6 24. Qe2 Rfc8 25. Bc1 Bf8 26. g4 exf4 27. Bxf4 Qa4 28. Bxd6 Rb6 29. Ra1 Rc2 30. Qf3 Qb5 31. Bc5 Rxc5 32. bxc5 Ra6 33. Nc4 Rxa1 34. Rxa1 Bxc4 35. dxc4 Qxc4 36. Rf1 Bg7 37. Qf4 d3 38. e5 Qxf4 39. Rxf4 Bxe5 40. Rf3 Bd4+ 41. Kf1 Bxc5 42. Rxd3 g5 43. Be4 Kg7 44. Ke2 Ng6 45. Bxg6 Kxg6 46. Rd5 Bg1 47. h3 Bh2 48. Rd8 f6 49. Kf3 h5 50. Ke4 hxg4 51. hxg4 Bf4 52. Rd7 Bg3 53. Rb7 Bf2 54. Kd5 Bg3 55. Ke6 Be5 56. Rd7 Bb2 57. Rd8 Kg7 58. Kf5 Bc3 59. Rd7+ Kf8 60. Kg6 Be5 61. Rb7 Bd4 62. Rh7 Be5 63. Rh8+ Ke7 64. Rg8 Bd4 65. Rh8 Be5 66. Kf5 Kf7 67. Rh7+ Kg8 68. Rd7 Kf8 69. Ra7 Bd4 70. Rb7 Be5 71. Rd7 Bc3 72. Ke6 Bb2 73. Rd8+ Kg7 74. Rc8 Bd4 75. Ke7 Bb2 76. Rc7 Be5 77. Rb7 Bd4 78. Ke8+ Kg8 79. Ke7 Kg7 80. Ke6+ Kg6 81. Rb8 Kg7 82. Kf5 Kf7 83. Rb7+ Kf8 84. Kg6 Be5 85. Rf7+ Ke8 86. Rxf6 Bxf6 87. Kxf6 Kf8 88. Kxg5 Kg7 1/2-1/2

[Event "George Trundle Qualifiers"]
[Site "Auckland"]
[Date "2015.09.27"]
[Round "2"]
[White "Ang, Alphaeus Wei Ern"]
[Black "Gao, Hans"]
[Result "1-0"]
[WhiteElo "2055"]
[BlackElo "2137"]
[PlyCount "67"]
[EventDate "2015.09.26"]
[EventType "tourn"]
[EventRounds "9"]
[EventCountry "NZL"]
[SourceTitle "EXT 2018"]
[Source "ChessBase"]
[SourceDate "2017.10.13"]
[SourceVersion "1"]
[SourceVersionDate "2017.10.13"]
[SourceQuality "1"]

1. d4 Nf6 2. c4 g6 3. Nc3 Bg7 4. e4 d6 5. Nf3 0-0 6. Be2 e5 7. 0-0 Nc6 8. d5 Ne7 9. Ne1 Nd7 10. Be3 f5 11. f3 f4 12. Bf2 g5 13. a4 Ng6 14. a5 Nf6 15. c5 h5 16. cxd6 cxd6 17. Nb5 g4 18. Nxa7 Bd7 19. Bb6 Qe7 20. Bb5 gxf3 21. Bxd7 f2+ 22. Rxf2 Qxd7 23. Qa4 Qg4 24. h3 Qg5 25. Nf3 Qh6 26. Nb5 Nd7 27. Bc7 b6 28. b4 Rfc8 29. a6 Bf8 30. Bxd6 Rc4 31. Nd2 Rcc8 32. Bxf8 Qxf8 33. d6 Nh8 34. Nc7 1-0

[Event "NZL-ch op 122nd"]
[Site "Auckland"]
[Date "2015.01.09"]
[Round "9"]
[White "Milligan, Helen"]
[Black "Gao, Hans"]
[Result "1/2-1/2"]
[WhiteElo "1968"]
[BlackElo "2293"]
[PlyCount "135"]
[EventDate "2015.01.01"]
[EventType "swiss"]
[EventRounds "9"]
[EventCountry "NZL"]
[SourceTitle "CBM 164 Extra"]
[Source "ChessBase"]
[SourceDate "2015.03.02"]
[SourceVersion "1"]
[SourceVersionDate "2015.03.02"]
[SourceQuality "1"]

1. e4 c5 2. Nf3 d6 3. Bb5+ Nd7 4. d4 cxd4 5. Qxd4 a6 6. Bxd7+ Bxd7 7. 0-0 e5 8. Qd3 h6 9. Nc3 Nf6 10. Rd1 Be7 11. h3 0-0 12. Be3 Rc8 13. Rac1 Be6 14. a3 Qc7 15. Nh2 Rfd8 16. Nf1 d5 17. exd5 Nxd5 18. Nxd5 Rxd5 19. Qe2 Rb5 20. c3 Qc6 21. Rd2 Rd5 22. Rcd1 Rcd8 23. Nh2 Rxd2 24. Rxd2 Rxd2 25. Qxd2 Qe4 26. f3 Qg6 27. Kh1 e4 28. Bf4 exf3 29. Nxf3 Qe4 30. Qe3 Qb1+ 31. Qc1 Qd3 32. Qe3 Qb5 33. b4 Bd8 34. Nd4 Qf1+ 35. Kh2 Bd5 36. Nf3 Bf6 37. Bg3 Bg5 38. Bf4 Bf6 39. Bg3 b5 40. Bd6 Qc4 41. Be5 Bd8 42. Qd4 Qxd4 43. Nxd4 Bg5 44. Ne2 Bc4 45. Nf4 f6 46. Bc7 Kf7 47. Kg3 f5 48. Be5 Bd8 49. Kf3 g5 50. Ne2 Ke6 51. Bg7 Bd5+ 52. Kf2 Be4 53. h4 gxh4 54. Bxh6 Kd5 55. Bg7 Kc4 56. Nd4 Bg5 57. Ne6 Bd2 58. Bf6 Bxc3 59. Bxh4 Bb2 60. Nc5 Bxa3 61. Nxa6 Bxb4 62. Nxb4 Kxb4 63. g3 Kc3 64. Ke3 Bc6 65. Bf6+ Kc4 66. Kd2 Be4 67. Kc1 Kb3 68. Be5 1/2-1/2

[Event "NZL-ch op 122nd"]
[Site "Auckland"]
[Date "2015.01.02"]
[Round "2"]
[White "Gao, Hans"]
[Black "Bennett, Hilton Petrie"]
[Result "1-0"]
[WhiteElo "2293"]
[BlackElo "2009"]
[PlyCount "93"]
[EventDate "2015.01.01"]
[EventType "swiss"]
[EventRounds "9"]
[EventCountry "NZL"]
[SourceTitle "CBM 164 Extra"]
[Source "ChessBase"]
[SourceDate "2015.03.02"]
[SourceVersion "1"]
[SourceVersionDate "2015.03.02"]
[SourceQuality "1"]

1. e4 g6 2. d4 Bg7 3. Nc3 d6 4. f4 Nf6 5. Nf3 c5 6. dxc5 Qa5 7. Qd4 Nc6 8. Bb5 0-0 9. Qa4 Qxa4 10. Bxa4 dxc5 11. Be3 Nd7 12. e5 a6 13. Bxc6 bxc6 14. Ne4 Rb8 15. 0-0-0 Rb4 16. Nfd2 Bh6 17. c3 Ra4 18. a3 Nxe5 19. b3 Rxa3 20. Kb2 Ra5 21. fxe5 Bxe3 22. Nc4 Rb5 23. Nxe3 c4 24. Nxc4 Be6 25. Ncd2 Rfb8 26. c4 Rxe5 27. Rhe1 a5 28. Kc3 Rd8 29. Ng3 Rxe1 30. Rxe1 Kf8 31. Ra1 h5 32. Rxa5 h4 33. Nge4 h3 34. g3 Bg4 35. Ra6 e5 36. Rxc6 Be2 37. Nf2 Kg7 38. Rc5 f6 39. b4 Ra8 40. Ra5 Re8 41. Nxh3 Rh8 42. Ra7+ Kh6 43. b5 f5 44. b6 e4 45. b7 Rb8 46. Nf4 e3 47. Nxe2 1-0

[Event "NZL-ch op 122nd"]
[Site "Auckland"]
[Date "2015.01.01"]
[Round "1"]
[White "Opasiak, Dustin Tennessee"]
[Black "Gao, Hans"]
[Result "0-1"]
[WhiteElo "1729"]
[BlackElo "2293"]
[PlyCount "80"]
[EventDate "2015.01.01"]
[EventType "swiss"]
[EventRounds "9"]
[EventCountry "NZL"]
[SourceTitle "CBM 164 Extra"]
[Source "ChessBase"]
[SourceDate "2015.03.02"]
[SourceVersion "1"]
[SourceVersionDate "2015.03.02"]
[SourceQuality "1"]

1. e4 c5 2. Nf3 d6 3. Bb5+ Nd7 4. 0-0 a6 5. Bxd7+ Bxd7 6. Re1 Bg4 7. h3 Bh5 8. c4 Nf6 9. Nc3 e6 10. Qe2 Be7 11. d3 0-0 12. Bf4 Qa5 13. g4 Bg6 14. Nh4 Rfd8 15. Nxg6 hxg6 16. h4 Nd7 17. Bd2 Qb6 18. h5 g5 19. f4 gxf4 20. Bxf4 Bf6 21. g5 Bd4+ 22. Kh1 Ne5 23. Rad1 Qc6 24. Qg2 g6 25. Rd2 gxh5 26. Be3 b5 27. Bxd4 cxd4 28. cxb5 axb5 29. Ne2 Rxa2 30. Nf4 Rda8 31. g6 Ra1 32. gxf7+ Kxf7 33. Rf1 Ng4 34. Nxh5+ Ke7 35. Rdd1 Rxd1 36. Rxd1 Rg8 37. Qd2 Qc5 38. Nf4 Qg5 39. Ra1 Nf2+ 40. Qxf2 Rh8+ 0-1

[Event "Auckland Interclub-A"]
[Site "Auckland"]
[Date "2014.05.25"]
[Round "2.1"]
[White "Gao, Hans"]
[Black "Martin, Benjamin"]
[Result "1-0"]
[WhiteElo "2256"]
[BlackElo "2430"]
[PlyCount "69"]
[EventDate "2014.05.11"]
[EventType "team-tourn"]
[EventRounds "3"]
[EventCountry "NZL"]
[SourceTitle "EXT 2018"]
[Source "ChessBase"]
[SourceDate "2017.10.13"]
[SourceVersion "1"]
[SourceVersionDate "2017.10.13"]
[SourceQuality "1"]
[WhiteTeam "Papatoetoe"]
[BlackTeam "Howick Pakuranga"]
[WhiteTeamCountry "NZL"]
[BlackTeamCountry "NZL"]

1. e4 e6 2. d4 d5 3. Nd2 Nf6 4. Bd3 c5 5. c3 Nc6 6. Ngf3 cxd4 7. cxd4 dxe4 8. Nxe4 Be7 9. 0-0 0-0 10. Be3 Nb4 11. Nxf6+ Bxf6 12. Be4 Nd5 13. Ne5 b6 14. Qc2 g6 15. Qc6 Rb8 16. Qa4 Bxe5 17. dxe5 Nxe3 18. fxe3 Bb7 19. Bxb7 Rxb7 20. Rfd1 Qg5 21. Qf4 Qe7 22. Rd6 Rc8 23. Rad1 Kg7 24. R1d2 Rbc7 25. Qe4 Qg5 26. Qf4 h6 27. h4 Qxf4 28. exf4 g5 29. hxg5 hxg5 30. g3 Kg6 31. Kg2 gxf4 32. gxf4 Rc4 33. Kf3 Ra4 34. Rg2+ Kh6 35. Rd1 1-0

[Event "Auckland Interclub-A"]
[Site "Auckland"]
[Date "2014.05.11"]
[Round "1.1"]
[White "Gao, Hans"]
[Black "Garbett, Paul Anthony"]
[Result "0-1"]
[WhiteElo "2256"]
[BlackElo "2345"]
[PlyCount "82"]
[EventDate "2014.05.11"]
[EventType "team-tourn"]
[EventRounds "3"]
[EventCountry "NZL"]
[SourceTitle "EXT 2018"]
[Source "ChessBase"]
[SourceDate "2017.10.13"]
[SourceVersion "1"]
[SourceVersionDate "2017.10.13"]
[SourceQuality "1"]
[WhiteTeam "Papatoetoe"]
[BlackTeam "North Shore"]
[WhiteTeamCountry "NZL"]
[BlackTeamCountry "NZL"]

1. e4 c5 2. Nc3 e6 3. f4 Nc6 4. Nf3 d5 5. Bb5 Nf6 6. e5 Nd7 7. Bxc6 bxc6 8. d3 Be7 9. 0-0 Ba6 10. Nd2 0-0 11. Qe2 c4 12. dxc4 Nb6 13. b3 dxc4 14. Nde4 Nd5 15. Rf3 Qb6+ 16. Qf2 Rfd8 17. Na4 Qxf2+ 18. Rxf2 Bb5 19. Nac5 Nc3 20. Bd2 Nxe4 21. Nxe4 c5 22. Be3 Rac8 23. Rd2 Bc6 24. Rxd8+ Rxd8 25. Nd2 c3 26. Nc4 Be4 27. Rc1 h6 28. g3 Kh7 29. Bf2 g5 30. Kf1 gxf4 31. gxf4 Bf3 32. Be1 Rd4 33. Bg3 h5 34. h4 Bg4 35. Kf2 Rd2+ 36. Ke3 Rg2 37. Bf2 Rh2 38. Rg1 Bxh4 39. Bxh4 Rxh4 40. Rg3 Rh2 41. Na3 Bf5 0-1

[Event "Auckland Morrison Memorial"]
[Site "Auckland"]
[Date "2013.10.27"]
[Round "4"]
[White "Runcan, Daniel Ioan"]
[Black "Gao, Hans"]
[Result "1/2-1/2"]
[WhiteElo "1915"]
[BlackElo "2071"]
[PlyCount "39"]
[EventDate "2013.10.25"]
[EventType "swiss"]
[EventRounds "6"]
[EventCountry "NZL"]
[SourceTitle "EXT 2018"]
[Source "ChessBase"]
[SourceDate "2017.10.13"]
[SourceVersion "1"]
[SourceVersionDate "2017.10.13"]
[SourceQuality "1"]

1. e4 c5 2. Nc3 a6 3. f4 b5 4. g3 Bb7 5. Bg2 e6 6. d3 Nf6 7. Nf3 d5 8. e5 Nfd7 9. d4 Nc6 10. Ne2 Qb6 11. 0-0 Be7 12. Be3 c4 13. Bh3 g6 14. c3 a5 15. Qc2 Ba6 16. g4 0-0-0 17. Ng3 b4 18. Rfe1 Kc7 19. f5 Rb8 20. f6 1/2-1/2